Quien es el actor / actriz #1 - Estadísticas

Estadísticas generales
  • Esta prueba ha sido intentada 316 veces
  • La puntuación promedio es 9 de 16
Estadísticas de respuestas
Imagen Respuesta % Correcto
Antonio Banderas
89%
Ryan Gosling
82%
Emma Stone
78%
Margot Robbie
77%
Meryl Streep
76%
Robert Downey Jr.
76%
Javier Bardem
74%
Timothée Chalamet
71%
Florence Pugh
49%
Brendan Fraser
46%
Benedict Cumberbatch
44%
Kate Winslet
42%
Cate Blanchett
40%
Austin Butler
39%
Charlize Theron
36%
Stellen Skarsgard
20%
No se encontraron pruebas coincidentes
Distribución de puntuación
Porcentaje de gente con cada puntuación
Porcentaje por número respondido
Historial de tus puntuaciones
No has intentado esta prueba.